WWE - Name a Valid Answer #6 - Statistics

General Stats
  • This quiz has been taken 181 times
  • The average score is 12 of 15
Answer Stats
Name a wrestler that ... Valid answer(s) % Correct
has won the Royal Rumble match from the no. 30 spot Brock Lesnar | Cody Rhodes | John Cena | Triple H | The Undertaker
99%
has beaten The Undertaker in a Buried Alive match Kane | Stone Cold Steve Austin | Vince McMahon
95%
has teamed with Stephanie McMahon to win a mixed tag team match Kurt Angle | Test | Triple H
95%
has faced Trish Stratus in a Women's Championship match on any WrestleMania Christy Hemme | Jazz | Lita | Mickie James | Victoria
92%
was the runner-up in any men's Royal Rumble in the 2010's Braun Strowman | Chris Jericho | Dean Ambrose | John Cena | Santino Marella | Roman Reigns | Rusev | Ryback
88%
Dolph Ziggler defeated to win the Intercontinental Championship from Kofi Kingston | Luke Harper | The Miz | Seth Rollins
87%
has teamed with Eddie Guerrero in a Survivor Series elimination match Chris Benoit | The Big Show | Dean Malenko | John Cena | Perry Saturn | Rob Van Dam
81%
won the United States Championship in 2019 AJ Styles | Andrade | R-Truth | Rey Mysterio | Ricochet | Samoa Joe | Shinsuke Nakamura
79%
has appeared in two or more Hell in a Cell matches without ever winning Bray Wyatt | Drew McIntyre | Mick Foley | Ryback | Shane McMahon | Xavier Woods
78%
has won any version of a WWE Tag Team Championship with Owen Hart The British Bulldog | Jeff Jarrett | Yokozuna
69%
was a member of Team Raw in the Survivor Series 2005 brand supremacy main event The Big Show | Carlito | Chris Masters | Kane | Shawn Michaels
68%
has won the Andre the Giant Memorial Battle Royal since 2020 Bobby Lashley | Bronson Reed | Jey Uso | Madcap Moss
66%
has won the United States Championship in a Fatal 4-Way match Jinder Mahal | The Miz | Samoa Joe
62%
had Teddy Long as their manager in the WWE Christopher Nowinski | D'Lo Brown | Jazz | Mark Henry | Mark Jindrak | Rodney Mack | Rosey
55%
has beaten Kane in a televised Last Man Standing match Batista | Braun Strowman | Chris Jericho | Edge
52%
No matching quizzes found
Score Distribution
Percent of People with Each Score
Percentile by Number Answered
Your Score History
You have not taken this quiz